000 00497nam a2200205Ia 4500
005 20240823043143.0
008 240823s9999||||xx |||||||||||||| ||und||
020 _a81-7008-891-7
041 _aENGLISH
082 _A624.171 P6
100 _aVaidyanathan R
245 0 _aStructural Analysis : Vol II
250 _a2nd
260 _c2006
_bLaxmi Publication (P)
_aNew Delhi
500 _aTRANSFERED
650 _aStructure
_bCivil
700 _a Perumal P
942 _cBK
999 _c209563
_d209563